000
00282nam a2200133Ia 4500
008
140130s9999 xx 000 0 und d
245
_c
Mo Willems
_a
Knuffle bunny
260
_b
Scholastic,
_c
2004
300
_a
32
440
_v
1
521
_a
BR
942
_c
BK
999
_c
39841
_d
39841